000 00403nam a22001697a 4500
003 MPLRDC
005 20220104144223.0
008 210129b ||||| |||| 00| 0 eng d
082 _a292.96 FTYX
100 _a福田有宵
245 _a扑克牌算命
_c
260 _a台湾
_b雷鼓出版社
_c
300 _b344
490 _a易学圣典
650 _a占卜--牌占
942 _cBK
_o292.96 FTYX
999 _c47549
_d47539